00768 2200241 4500001002100000005001500021035002000036007000300056008004100059020002200100082001500122084002100137100002200158245013900180250001000319260004400329300004100373650003800414700002200452700002100474856001400495990001700509INLIS00000000000153520250728100046 a0010-0725000008ta250728 0 ind  a978-623-09-5851-9 aR. 2X1.103 aR. 2X1.103 SAM e0 aSamir Abdul Halim1 aENSIKLOPEDIA SAINS DALAM AL-QUR'AN DAN HADIST JILID 1 :bFisika /cSamir Abdul Halim, Ahmad Fu'ad Basya, Zhafir al-'Athhar; [ et, ol ] acet 1 aTangerang :bKamil Pustaka Abadi,c2023 axviii, 238 hlm :bIlus ;c21 x 28 cm 4aAGAMA ISLAM - ENSIKLOPEDIA FISIKA0 aAhmad Fu'ad Basya0 aZhafir al-'Athha aReferensi a202501100932